000 00655nam a2200217 i 4500
001 135356
003 ES-MaACL
005 20250814045708.0
007 t|
008 070716s1959 sp ||||1| spa d
080 _a531.01(075.8)
100 1 _aTorio, Francisco.
_9110644
245 1 0 _aProntuario de mecánica
_b: elasticidad y fluídos /
_cFrancisco Torio.
260 _aMadrid :
_b[Versal,
_c1959]
300 _a187 p. :
_bil. ;
_c16 cm.
490 1 _aSelectivo Universitario
650 0 7 _aMecánica
_2embne
_914869
830 0 _aSelectivo Universitario
_9219916
852 _aES-MaACL
_jE-3873
_bR.45044
999 _c135356
_d135356